000 00588nam a2200241 a 4500
001 nice12345678
003 IN_TiNIC
005 20260116011853.0
008 050524s1923 mica grp 000 0 eng
020 _a
_c134.55
082 0 0 _a230.046
_bMAC
100 _aMachen, Gresham
245 _aChristianity and Liberalism
260 _aMichigan
_bWm.B. Eerdmans Pub Co,
_c1923
300 _a188p
500 _aincludes index and biblioraphy
505 2 _aIndex
650 _aLiberation-Theology
700 1 _aMachen, Gresham
902 _bSRS
942 _cBK
999 _c4592
_d4592